| 000 | 00892cab a2200289 4500 | ||
|---|---|---|---|
| 001 | WB3123-21 | ||
| 008 | 090401t1995 xxu||||| |||| 00| 0 eng d | ||
| 035 | _a(Sirsi) u3004 | ||
| 041 | _aeng | ||
| 245 | _aResidential incentive for institutions | ||
| 260 | _c1995 | ||
| 350 | _a0 | ||
| 490 |
_aFinancial Times _v16 June 1995, 18(1) |
||
| 520 | _aThe white paper on housing is expected to contain proposals to encourage investment in the private rented sector. | ||
| 650 | _aHOUSING INVESTMENT GROUP | ||
| 650 | _aHOUSING INVESTMENT TRUSTS | ||
| 650 | _aHOUSING INVESTMENT | ||
| 650 | _aINSTITUTIONAL INVESTMENT | ||
| 650 | _aINVESTMENT TRUSTS | ||
| 650 | _aPRIVATE RENTED SECTOR | ||
| 650 | _aRENTED ACCOMMODATION | ||
| 650 |
_aRESIDENTIAL PROPERTY _96266 |
||
| 690 | _aPROPERTY-PROPERTY FINANCE AND INVESTMENT | ||
| 690 | _aHOUSING | ||
| 942 | _n0 | ||
| 948 | _c04/03/1997 | ||
| 999 |
_c1810 _d1810 |
||